| 000 | 00534cam a22001932a 4500 | ||
|---|---|---|---|
| 001 | 008218 | ||
| 003 | AR-FADEU | ||
| 008 | 311216n1997####xxu####################dd | ||
| 092 |
_a759.982 _bP925 |
||
| 245 | _aPREMIOS novartis | ||
| 260 | _aBuenos Aires | ||
| 260 | _bMNBA | ||
| 260 | _bMuseo Nacional de Bellas Artes | ||
| 260 | _c1997 | ||
| 300 | _a140 p. : ilus., fot | ||
| 500 | _aIncluye bibliografía | ||
| 650 | _aPINTURA ARGENTINA; PINTORES ARGENTINOS; MUSEO NACIONAL DE BELLAS ARTES; PREMIO NOVARTIS | ||
| 942 | _cBDGR | ||
| 999 |
_c14031 _d14031 |
||